How Many Countries Border? - Extreme - Statistics

General Stats
  • This quiz has been taken 30 times
  • The average score is 11 of 25
Answer Stats
Hint Answer % Correct
Uruguay 2
62%
Nicaragua 2
55%
Togo 3
55%
Vietnam 3
52%
Indonesia 3
52%
Rwanda 4
52%
Belarus 5
52%
Oman 3
48%
Luxembourg 3
48%
North Korea 3
48%
Belgium 4
48%
Malawi 3
45%
Georgia 4
45%
Czech Republic 4
45%
Argentina 5
45%
Lebanon 2
41%
Ecuador 2
41%
Kyrgyzstan 4
34%
Germany 9
34%
Afghanistan 6
31%
Austria 8
31%
Tanzania 8
28%
Turkey 8
24%
Libya 6
21%
Niger 7
21%
No matching quizzes found
Score Distribution
Percent of People with Each Score
Percentile by Number Answered
Your Score History
You have not taken this quiz